वंदे मातरम. (Record no. 254192)

MARC details
000 -LEADER
fixed length control field 00547nam a2200181Ia 4500
008 - FIXED-LENGTH DATA ELEMENTS--GENERAL INFORMATION
fixed length control field 090630s9999 xx 000 0 und d
082 ## - DEWEY DECIMAL CLASSIFICATION NUMBER
Item number 2336
100 ## - MAIN ENTRY--PERSONAL NAME
Personal name अमरेंद्र.
245 ## - TITLE STATEMENT
Title वंदे मातरम.
Statement of responsibility, etc अमरेंद्र.
260 ## - PUBLICATION, DISTRIBUTION, ETC. (IMPRINT)
Name of publisher, distributor, etc व्होरा कंपनी.
Date of publication, distribution, etc 1972
300 ## - PHYSICAL DESCRIPTION
Extent 91
600 ## - SUBJECT ADDED ENTRY--PERSONAL NAME
Personal name अमरेंद्र.
630 ## - SUBJECT ADDED ENTRY--UNIFORM TITLE
Uniform title वंदे मातरम.
655 ## - INDEX TERM--GENRE/FORM
Genre/form data or focus term इतर.
700 ## - ADDED ENTRY--PERSONAL NAME
Personal name अमरेंद्र.
730 ## - ADDED ENTRY--UNIFORM TITLE
Uniform title वंदे मातरम.
942 ## - ADDED ENTRY ELEMENTS (KOHA)
Koha item type Book
Holdings
Withdrawn status Lost status Damaged status Not for loan Home library Current library Date acquired Cost, normal purchase price Total Checkouts Full call number Barcode Date last seen Cost, replacement price Price effective from Koha item type
        Sarvajanik Wachanalaya Shrivardhan Sarvajanik Wachanalaya Shrivardhan 02/08/2004 3.00   2336 SAWASHRI-2336 06/30/2009 3.00 06/30/2009 Book